Gender and development : a practical guide

Bibliographic Details
Main Author: Ostergaard, Lise (Author)
Format: Book
Published: London ; New York : Routledge , 1992
Subjects:

MARC

LEADER 00000cam a2200000 7i4500
001 0000002768
005 20220630093000.0
008 021118n
020 |a 0415071313 
090 0 0 |a HQ1240.5.D44   |b G46 1992 
245 0 0 |a Gender and development :   |b a practical guide   |c edited by Lise Ostergaard 
260 2 |a London ;   |a New York :   |b Routledge ,   |c 1992 
300 |a vii, 220 p. ; ;   |c 21 cm. 
504 |a Includes bibliographical references and index 
650 0 |a Economic development   |z Developing countries 
650 0 |a Sex role   |x Developing countries 
650 0 |a Women in development   |z Developing countries 
700 0 |a Ostergaard, Lise ,   |e author 
999 |a 1000026187   |b Book   |c OPEN SHELF (30 DAYS)   |e Gong Badak Campus